[Event "Bundesliga 0001"]
[Site "Deutschland"]
[Date "2001.04.29"]
[Round "15.5"]
[White "Duppel, Matthias"]
[Black "Meessen, Rudolf"]
[Result "1-0"]
[WhiteElo "2376"]
[BlackElo "2306"]
[PlyCount "139"]
[EventDate "2000.10.14"]
[EventType "team"]
[EventRounds "15"]
[EventCountry "GER"]
[SourceTitle "Bundesliga 0001"]
[Source "DeepChess"]
[SourceDate "2005.01.01"]
[SourceVersion "1"]
[SourceVersionDate "2005.01.01"]
[SourceQuality "1"]
[WhiteTeam "SF 1982 Baiertal Schatthausen"]
[BlackTeam "SC Hassel KS Gelsenkirchen"]
[WhiteTeamCountry "GER"]
[BlackTeamCountry "GER"]

1. e4 e6 2. d4 d5 3. Nc3 Bb4 4. e5 c5 5. a3 Bxc3+ 6. bxc3 Qc7 7. Nf3 b6 8. Bb5+
Bd7 9. Bd3 Ba4 10. O-O Ne7 11. Re1 h6 12. Bf4 Nd7 13. h4 O-O-O 14. Qd2 Kb7 15.
Ra2 Rc8 16. Bh2 cxd4 17. cxd4 Qc3 18. Qe2 Nb8 19. Rb1 Nec6 20. Bf4 a5 21. Bd2
Nxd4 22. Nxd4 Qxd4 23. Bxa5 Rc6 24. Rab2 Nd7 25. Rb4 Qxe5 26. Ba6+ Kc7 27.
Bxb6+ Rxb6 28. Qxe5+ Nxe5 29. Rxb6 Ra8 30. Rb7+ Kd6 31. Bd3 Bc6 32. R7b3 Nd7
33. Ra1 Nc5 34. Rb6 Na4 35. Ra6 Rb8 36. Ra7 Bd7 37. f4 f6 38. Rf1 Nc5 39. g3 f5
40. Kf2 g6 41. Ke3 Rb2 42. Ra1 Ba4 43. Kd2 Rb8 44. Rg7 Ne4+ 45. Ke3 Rb2 46.
Bxe4 fxe4 47. Rxg6 Rxc2 48. f5 Ke5 49. Rxe6+ Kxf5 50. Rxh6 Ke5 51. Rh5+ Ke6 52.
Rb1 Rc3+ 53. Kd2 Rc2+ 54. Ke1 Kd6 55. Rb4 Bc6 56. Rg5 Kc5 57. Rxe4 Bb5 58. Ree5
Bc4 59. h5 Kd4 60. Ref5 Ke3 61. Re5+ Kd4 62. h6 Rc1+ 63. Kf2 Rc2+ 64. Kg1 Rc1+
65. Kh2 Rc2+ 66. Kh3 Bf1+ 67. Kg4 Bg2 68. h7 Rf2 69. h8=Q Bf3+ 70. Kh3 1-0

[Event "Bundesliga 0001"]
[Site "Deutschland"]
[Date "2001.04.29"]
[Round "15.6"]
[White "Baumhus, Reinhard"]
[Black "Meissner, Bernd Guenther"]
[Result "1/2-1/2"]
[WhiteElo "2341"]
[BlackElo "2372"]
[PlyCount "80"]
[EventDate "2000.10.14"]
[EventType "team"]
[EventRounds "15"]
[EventCountry "GER"]
[SourceTitle "Bundesliga 0001"]
[Source "DeepChess"]
[SourceDate "2005.01.01"]
[SourceVersion "1"]
[SourceVersionDate "2005.01.01"]
[SourceQuality "1"]
[WhiteTeam "SC Hassel KS Gelsenkirchen"]
[BlackTeam "SF 1982 Baiertal Schatthausen"]
[WhiteTeamCountry "GER"]
[BlackTeamCountry "GER"]

1. e4 c5 2. g3 g6 3. Bg2 Bg7 4. Ne2 Nc6 5. O-O e6 6. Nbc3 Nge7 7. d3 O-O 8. Bg5
h6 9. Be3 Nd4 10. Rb1 a5 11. Qd2 Kh7 12. a3 a4 13. Bxd4 cxd4 14. Nb5 Qb6 15. c4
d5 16. b3 dxe4 17. Bxe4 Nc6 18. bxa4 Qc5 19. Nc1 e5 20. Bg2 Qe7 21. Re1 Be6 22.
c5 Qxc5 23. Nc7 Ra7 24. Nxe6 fxe6 25. Nb3 Qxa3 26. Qc2 Qxa4 27. Rec1 Nb4 28.
Qd2 Nd5 29. Ra1 Qxb3 30. Rxa7 Rf7 31. Be4 Bf6 32. Qa2 Qxa2 33. Rxa2 Nc3 34. Rb2
b5 35. Rcb1 Kg7 36. Ra1 Rc7 37. Ra6 Kf7 38. Rb6 Na4 39. R2xb5 Nxb6 40. Rxb6 g5
1/2-1/2

[Event "Bundesliga 0001"]
[Site "Deutschland"]
[Date "2001.04.29"]
[Round "15.7"]
[White "Koch, Wolfgang Max"]
[Black "Ahn, Martin"]
[Result "1/2-1/2"]
[WhiteElo "2335"]
[BlackElo "2265"]
[PlyCount "43"]
[EventDate "2000.10.14"]
[EventType "team"]
[EventRounds "15"]
[EventCountry "GER"]
[SourceTitle "Bundesliga 0001"]
[Source "DeepChess"]
[SourceDate "2005.01.01"]
[SourceVersion "1"]
[SourceVersionDate "2005.01.01"]
[SourceQuality "1"]
[WhiteTeam "SF 1982 Baiertal Schatthausen"]
[BlackTeam "SC Hassel KS Gelsenkirchen"]
[WhiteTeamCountry "GER"]
[BlackTeamCountry "GER"]

1. d4 Nf6 2. Nf3 g6 3. c4 Bg7 4. Nc3 O-O 5. e4 d6 6. Be2 e5 7. O-O Nc6 8. d5
Ne7 9. Nd2 a5 10. a3 Bd7 11. Rb1 a4 12. b4 axb3 13. Nxb3 c5 14. Nd2 b6 15. Qb3
Ra6 16. Nb5 Ne8 17. Bb2 f5 18. f4 Bh6 19. g3 exf4 20. gxf4 fxe4 21. Nxe4 Nf5
22. Rf2 1/2-1/2

[Event "Bundesliga 0001"]
[Site "Deutschland"]
[Date "2001.04.29"]
[Round "15.8"]
[White "Schirbel, Andreas"]
[Black "Balzar, Andreas"]
[Result "0-1"]
[WhiteElo "2308"]
[BlackElo "2346"]
[PlyCount "74"]
[EventDate "2000.10.14"]
[EventType "team"]
[EventRounds "15"]
[EventCountry "GER"]
[SourceTitle "Bundesliga 0001"]
[Source "DeepChess"]
[SourceDate "2005.01.01"]
[SourceVersion "1"]
[SourceVersionDate "2005.01.01"]
[SourceQuality "1"]
[WhiteTeam "SC Hassel KS Gelsenkirchen"]
[BlackTeam "SF 1982 Baiertal Schatthausen"]
[WhiteTeamCountry "GER"]
[BlackTeamCountry "GER"]

1. d4 d5 2. Nf3 Nf6 3. e3 c6 4. Nbd2 Bg4 5. c4 e6 6. Qb3 Qc7 7. Ne5 Bf5 8. Be2
h6 9. O-O Be7 10. f4 O-O 11. Ndf3 Bh7 12. Bd2 c5 13. Rac1 b6 14. Be1 Rd8 15.
Bh4 Ne4 16. Bxe7 Qxe7 17. Rfd1 f6 18. Nd3 Nc6 19. cxd5 exd5 20. dxc5 bxc5 21.
Qb5 Rd6 22. Bf1 Rb8 23. Qa4 c4 24. Nde1 Kh8 25. Qa3 Nb4 26. b3 Ra6 27. Qb2 c3
28. Rxc3 Rxa2 29. Qc1 Nxc3 30. Qxc3 Re8 31. Kh1 a5 32. Bb5 Rb8 33. Ba4 Re2 34.
Nd4 Rxe3 35. Qd2 Rc8 36. f5 Rcc3 37. h3 Qe4 0-1

[Event "Bundesliga 0001"]
[Site "Deutschland"]
[Date "2001.??.??"]
[Round "15.1"]
[White "Movsesian, Sergei"]
[Black "Nielsen, Peter Heine"]
[Result "1/2-1/2"]
[WhiteElo "2666"]
[BlackElo "2578"]
[PlyCount "47"]
[EventDate "2000.10.14"]
[EventType "team"]
[EventRounds "15"]
[EventCountry "GER"]
[SourceTitle "Bundesliga 0001"]
[Source "DeepChess"]
[SourceDate "2005.01.01"]
[SourceVersion "1"]
[SourceVersionDate "2005.01.01"]
[SourceQuality "1"]
[WhiteTeam "SF Neukoelln 03 e.V."]
[BlackTeam "SV Wattenscheid 1930"]
[WhiteTeamCountry "GER"]
[BlackTeamCountry "GER"]

1. e4 c5 2. Nc3 d6 3. Nf3 Nf6 4. d4 cxd4 5. Nxd4 a6 6. Be3 e6 7. f3 b5 8. Qd2
Nbd7 9. g4 Nb6 10. Qf2 Nfd7 11. O-O-O Bb7 12. Bd3 Rc8 13. Nce2 Nc5 14. Kb1 Nba4
15. b3 Nxd3 16. cxd3 Nc5 17. Ng3 b4 18. Nc2 a5 19. d4 Nd7 20. d5 e5 21. Rc1 Ba6
22. h4 g6 23. h5 Nc5 24. hxg6 1/2-1/2

[Event "Bundesliga 0001"]
[Site "Deutschland"]
[Date "2001.??.??"]
[Round "15.2"]
[White "Hall, Jesper"]
[Black "Stohl, Igor"]
[Result "1/2-1/2"]
[WhiteElo "2498"]
[BlackElo "2578"]
[PlyCount "34"]
[EventDate "2000.10.14"]
[EventType "team"]
[EventRounds "15"]
[EventCountry "GER"]
[SourceTitle "Bundesliga 0001"]
[Source "DeepChess"]
[SourceDate "2005.01.01"]
[SourceVersion "1"]
[SourceVersionDate "2005.01.01"]
[SourceQuality "1"]
[WhiteTeam "SV Wattenscheid 1930"]
[BlackTeam "SF Neukoelln 03 e.V."]
[WhiteTeamCountry "GER"]
[BlackTeamCountry "GER"]

1. d4 d5 2. c4 e6 3. Nc3 Nf6 4. Nf3 Nbd7 5. Bg5 c6 6. cxd5 exd5 7. e3 Be7 8.
Qc2 O-O 9. Bd3 Re8 10. O-O Nf8 11. a3 Bd6 12. b4 a6 13. Na4 Ng6 14. Nc5 h6 15.
Bxf6 Qxf6 16. Rfc1 Re7 17. a4 Bg4 1/2-1/2

[Event "Bundesliga 0001"]
[Site "Deutschland"]
[Date "2001.??.??"]
[Round "15.4"]
[White "Bunzmann, Dimitrij"]
[Black "Holzke, Frank"]
[Result "1/2-1/2"]
[WhiteElo "2484"]
[BlackElo "2470"]
[PlyCount "123"]
[EventDate "2000.10.14"]
[EventType "team"]
[EventRounds "15"]
[EventCountry "GER"]
[SourceTitle "Bundesliga 0001"]
[Source "DeepChess"]
[SourceDate "2005.01.01"]
[SourceVersion "1"]
[SourceVersionDate "2005.01.01"]
[SourceQuality "1"]
[WhiteTeam "SF Neukoelln 03 e.V."]
[BlackTeam "SV Wattenscheid 1930"]
[WhiteTeamCountry "GER"]
[BlackTeamCountry "GER"]

1. e4 e6 2. d4 d5 3. Nc3 Nf6 4. Bg5 dxe4 5. Nxe4 Be7 6. Bxf6 Bxf6 7. Nf3 O-O 8.
Qd3 Nd7 9. O-O-O b6 10. h4 Bb7 11. Nfg5 Bxe4 12. Nxe4 Be7 13. g3 c5 14. Bg2 Rc8
15. d5 c4 16. Qd2 Nc5 17. d6 Bf6 18. Nxf6+ Qxf6 19. d7 Rcd8 20. Bc6 e5 21. Qd6
Nd3+ 22. Rxd3 cxd3 23. Qxf6 gxf6 24. c4 f5 25. Re1 e4 26. Kd2 Kg7 27. f3 exf3
28. Rf1 Kf6 29. Rxf3 Ke5 30. Rxd3 Rg8 31. h5 Rg4 32. Kc3 a5 33. a3 f4 34. gxf4+
Rxf4 35. b4 axb4+ 36. axb4 Rf6 37. Rd5+ Ke6 38. c5 bxc5 39. bxc5 Rf5 40. Rd6+
Ke7 41. Kc4 Rxh5 42. Rd4 Re5 43. Ba4 Rb8 44. Bc2 h5 45. c6 Kd8 46. Rf4 Kc7 47.
Rxf7 Kxc6 48. Kd4 Rd5+ 49. Ke3 Kc7 50. Bf5 h4 51. Kf3 Rg8 52. Be6 Rd3+ 53. Ke2
Rgg3 54. Bf5 Rge3+ 55. Kf2 Rf3+ 56. Ke2 Rde3+ 57. Kd2 Rd3+ 58. Ke2 Rde3+ 59.
Kd2 Rd3+ 60. Ke2 h3 61. Rf8 Rfe3+ 62. Kf2 1/2-1/2

[Event "Bundesliga 0001"]
[Site "Deutschland"]
[Date "2001.??.??"]
[Round "15.4"]
[White "Ellers, Holger"]
[Black "Berndt, Stephan"]
[Result "0-1"]
[WhiteElo "2418"]
[BlackElo "2478"]
[PlyCount "126"]
[EventDate "2000.10.14"]
[EventType "team"]
[EventRounds "15"]
[EventCountry "GER"]
[SourceTitle "Bundesliga 0001"]
[Source "DeepChess"]
[SourceDate "2005.01.01"]
[SourceVersion "1"]
[SourceVersionDate "2005.01.01"]
[SourceQuality "1"]
[WhiteTeam "SV Wattenscheid 1930"]
[BlackTeam "SF Neukoelln 03 e.V."]
[WhiteTeamCountry "GER"]
[BlackTeamCountry "GER"]

1. d4 Nf6 2. Nf3 g6 3. g3 Bg7 4. Bg2 d5 5. c4 dxc4 6. Na3 Nc6 7. Nxc4 Be6 8. b3
O-O 9. O-O a5 10. a4 Bd5 11. Bb2 Qc8 12. e3 Rd8 13. Qe2 h6 14. Rac1 Qe6 15.
Rfd1 Rac8 16. Qf1 g5 17. Nfd2 Bxg2 18. Qxg2 b6 19. Nb1 Nb4 20. Nc3 Nbd5 21.
Nxd5 Qxd5 22. Qxd5 Nxd5 23. e4 Nb4 24. d5 Bxb2 25. Nxb2 c6 26. dxc6 Rxd1+ 27.
Rxd1 Rxc6 28. Nc4 Na6 29. Rd5 Nc5 30. Nxb6 Nxb3 31. Rd8+ Kg7 32. Nd5 e6 33. Ne7
Rc7 34. Ng8 f6 35. f4 gxf4 36. gxf4 Nc5 37. e5 fxe5 38. fxe5 Nd7 39. Re8 Kf7
40. Ra8 Nxe5 41. Nxh6+ Kg6 42. Rxa5 Nc6 43. Rc5 Kxh6 44. h4 Kg6 45. Kf2 Kf6 46.
h5 Ke7 47. h6 Kd6 48. Rh5 Rh7 49. a5 Nd4 50. a6 Kc6 51. Ke3 Nf5+ 52. Kf4 Nxh6
53. a7 Kb7 54. Ra5 Rf7+ 55. Ke4 Ka8 56. Ra6 Rf6 57. Ra5 Nf7 58. Ra6 Rh6 59. Rc6
Ng5+ 60. Ke5 Kxa7 61. Rc7+ Kb6 62. Rg7 Nf3+ 63. Kd6 e5+ 0-1

[Event "Bundesliga 0001"]
[Site "Deutschland"]
[Date "2001.??.??"]
[Round "15.5"]
[White "Borriss, Martin"]
[Black "Sjodahl, Pontus"]
[Result "1/2-1/2"]
[WhiteElo "2439"]
[BlackElo "2414"]
[PlyCount "96"]
[EventDate "2000.10.14"]
[EventType "team"]
[EventRounds "15"]
[EventCountry "GER"]
[SourceTitle "Bundesliga 0001"]
[Source "DeepChess"]
[SourceDate "2005.01.01"]
[SourceVersion "1"]
[SourceVersionDate "2005.01.01"]
[SourceQuality "1"]
[WhiteTeam "SF Neukoelln 03 e.V."]
[BlackTeam "SV Wattenscheid 1930"]
[WhiteTeamCountry "GER"]
[BlackTeamCountry "GER"]

1. e4 d5 2. exd5 Qxd5 3. Nc3 Qa5 4. d4 c6 5. Bc4 Bf5 6. Bd2 e6 7. Nf3 Nf6 8.
Nd5 Qd8 9. Nxf6+ Qxf6 10. Ne5 Bd6 11. Bc3 Qh4 12. Bd3 Bxe5 13. Bxf5 exf5 14.
dxe5 Qe4+ 15. Qe2 Qxe2+ 16. Kxe2 Na6 17. Rad1 Nc5 18. Bb4 Ne6 19. Bd6 O-O-O 20.
f3 h5 21. h4 b6 22. Kf2 Kb7 23. Be7 Rxd1 24. Rxd1 Kc7 25. Bd6+ Kc8 26. Ke3 Re8
27. g3 Rg8 28. Be7 Re8 29. Bd6 Rd8 30. a4 c5 31. c3 Kb7 32. b4 cxb4 33. cxb4
Rc8 34. Kd3 a6 35. Rg1 b5 36. axb5 axb5 37. g4 hxg4 38. fxg4 fxg4 39. Rxg4 Rc1
40. Ke4 Rc4+ 41. Kf3 Rc3+ 42. Kf2 Kc6 43. Rg1 Rh3 44. Rf1 f6 45. Rc1+ Kd7 46.
exf6 Kxd6 47. fxg7 Nxg7 48. Rc5 Rxh4 1/2-1/2

[Event "Bundesliga 0001"]
[Site "Deutschland"]
[Date "2001.??.??"]
[Round "15.6"]
[White "Straeter, Timo"]
[Black "Polzin, Rainer"]
[Result "0-1"]
[WhiteElo "2370"]
[BlackElo "2465"]
[PlyCount "46"]
[EventDate "2000.10.14"]
[EventType "team"]
[EventRounds "15"]
[EventCountry "GER"]
[SourceTitle "Bundesliga 0001"]
[Source "DeepChess"]
[SourceDate "2005.01.01"]
[SourceVersion "1"]
[SourceVersionDate "2005.01.01"]
[SourceQuality "1"]
[WhiteTeam "SV Wattenscheid 1930"]
[BlackTeam "SF Neukoelln 03 e.V."]
[WhiteTeamCountry "GER"]
[BlackTeamCountry "GER"]

1. d4 g6 2. c3 Bg7 3. Bg5 Nf6 4. Nd2 O-O 5. e3 d5 6. Bd3 Nbd7 7. f4 b6 8. Qf3
c5 9. Ne2 a5 10. Rc1 Ba6 11. Bb1 b5 12. Qh3 b4 13. dxc5 Nxc5 14. cxb4 Nd3+ 15.
Bxd3 Bxd3 16. bxa5 Ne4 17. Nxe4 dxe4 18. Nc3 Qxa5 19. Bxe7 Rfb8 20. Ba3 Rc8 21.
Be7 Bxc3+ 22. Rxc3 Rxc3 23. bxc3 Qxa2 0-1

[Event "Bundesliga 0001"]
[Site "Deutschland"]
[Date "2001.??.??"]
[Round "15.8"]
[White "Lauzeningks, Jan"]
[Black "Rudolf, Henrik"]
[Result "1-0"]
[WhiteElo "2307"]
[BlackElo "2308"]
[PlyCount "74"]
[EventDate "2000.10.14"]
[EventType "team"]
[EventRounds "15"]
[EventCountry "GER"]
[SourceTitle "Bundesliga 0001"]
[Source "DeepChess"]
[SourceDate "2005.01.01"]
[SourceVersion "1"]
[SourceVersionDate "2005.01.01"]
[SourceQuality "1"]
[WhiteTeam "SV Wattenscheid 1930"]
[BlackTeam "SF Neukoelln 03 e.V."]
[WhiteTeamCountry "GER"]
[BlackTeamCountry "GER"]

1. e4 g6 2. d4 Bg7 3. c4 d6 4. Nc3 Nf6 5. Nf3 O-O 6. Be2 e5 7. Be3 h6 8. dxe5
dxe5 9. Nxe5 Qe7 10. f4 g5 11. Qc2 c6 12. O-O-O Na6 13. Rhe1 Nc5 14. g3 a5 15.
h4 gxf4 16. gxf4 h5 17. Rg1 Bg4 18. Bxg4 hxg4 19. Nxg4 Nxg4 20. Rxg4 f5 21. Rg6
Rad8 22. e5 Rxd1+ 23. Qxd1 Rd8 24. Rxg7+ Kxg7 25. Qg1+ Kh7 26. Bxc5 Qxh4 27.
Qe3 Qh1+ 28. Kc2 b5 29. e6 Qg2+ 30. Ne2 Qf1 31. Bd4 c5 32. e7 Rxd4 33. Nxd4
cxd4 34. Qe6 Qf2+ 35. Kd3 bxc4+ 36. Kxc4 Qc2+ 37. Kd5 Qxb2 1-0

[Event "Bundesliga 0001"]
[Site "Deutschland"]
[Date "2001.04.29"]
[Round "15.5"]
[White "Neidhardt, Claus Ulrich"]
[Black "Sadler, Matthew"]
[Result "0-1"]
[WhiteElo "2429"]
[BlackElo "2628"]
[PlyCount "72"]
[EventDate "2000.10.14"]
[EventType "team"]
[EventRounds "15"]
[EventCountry "GER"]
[SourceTitle "Bundesliga 0001"]
[Source "DeepChess"]
[SourceDate "2005.01.01"]
[SourceVersion "1"]
[SourceVersionDate "2005.01.01"]
[SourceQuality "1"]
[WhiteTeam "TSV Schott Mainz"]
[BlackTeam "SG 1868 Aljech. Solingen"]
[WhiteTeamCountry "GER"]
[BlackTeamCountry "GER"]

1. d4 Nf6 2. c4 e6 3. Nc3 Bb4 4. e3 O-O 5. Nge2 d5 6. a3 Be7 7. Nf4 c6 8. b3
Nbd7 9. Bb2 Bd6 10. Qc2 Re8 11. cxd5 exd5 12. g3 Nf8 13. Bg2 Bxf4 14. gxf4 Ng6
15. O-O-O Nh4 16. Bf1 Bf5 17. Bd3 Bxd3 18. Qxd3 Ne4 19. Nxe4 dxe4 20. Qc3 Qd5
21. Rhg1 Nf3 22. Rh1 Re6 23. Kb1 Rg6 24. Qb4 b6 25. Rc1 Rg2 26. Rc2 Rxh2 27.
Rxh2 Nxh2 28. Qa4 Nf3 29. Rxc6 h5 30. Rc7 Rd8 31. Qxa7 Qxb3 32. Rc2 h4 33. Qb7
Qd5 34. Qxb6 h3 35. Qa6 h2 36. Qf1 Rd6 0-1

[Event "Bundesliga 0001"]
[Site "Deutschland"]
[Date "2001.04.29"]
[Round "15.6"]
[White "Lobron, Eric"]
[Black "Bewersdorff, Oliver"]
[Result "1-0"]
[WhiteElo "2530"]
[BlackElo "2364"]
[PlyCount "33"]
[EventDate "2000.10.14"]
[EventType "team"]
[EventRounds "15"]
[EventCountry "GER"]
[SourceTitle "Bundesliga 0001"]
[Source "DeepChess"]
[SourceDate "2005.01.01"]
[SourceVersion "1"]
[SourceVersionDate "2005.01.01"]
[SourceQuality "1"]
[WhiteTeam "SG 1868 Aljech. Solingen"]
[BlackTeam "TSV Schott Mainz"]
[WhiteTeamCountry "GER"]
[BlackTeamCountry "GER"]

1. e4 e5 2. Nf3 Nc6 3. Bb5 Nf6 4. O-O Bc5 5. c3 O-O 6. d4 Bb6 7. dxe5 Nxe4 8.
Qd5 Nc5 9. Na3 Ne7 10. Qd1 Ne4 11. Nc4 Bc5 12. Qe2 f5 13. Ncd2 d5 14. exd6 Nxd6
15. Nb3 Nxb5 16. Nxc5 Nd6 17. Bg5 1-0

[Event "Bundesliga 0001"]
[Site "Deutschland"]
[Date "2001.04.29"]
[Round "15.7"]
[White "Grafl, Florian"]
[Black "Naumann, Alexander"]
[Result "0-1"]
[WhiteElo "2299"]
[BlackElo "2489"]
[PlyCount "104"]
[EventDate "2000.10.14"]
[EventType "team"]
[EventRounds "15"]
[EventCountry "GER"]
[SourceTitle "Bundesliga 0001"]
[Source "DeepChess"]
[SourceDate "2005.01.01"]
[SourceVersion "1"]
[SourceVersionDate "2005.01.01"]
[SourceQuality "1"]
[WhiteTeam "TSV Schott Mainz"]
[BlackTeam "SG 1868 Aljech. Solingen"]
[WhiteTeamCountry "GER"]
[BlackTeamCountry "GER"]

1. e4 c6 2. d4 d5 3. e5 Bf5 4. Nc3 Qb6 5. g4 Bd7 6. Na4 Qc7 7. Nc5 e6 8. Nxd7
Nxd7 9. f4 c5 10. c3 Ne7 11. Be3 h5 12. gxh5 Nf5 13. Bf2 cxd4 14. Bxd4 Bc5 15.
Nf3 Qb6 16. b4 Bxd4 17. Nxd4 Nxd4 18. Qxd4 Rxh5 19. O-O-O Rc8 20. Kb2 Nc5 21.
Ka1 Ne4 22. Qxb6 axb6 23. Rc1 Rxc3 24. Rxc3 Nxc3 25. Bd3 Rh3 26. Bc2 Rf3 27.
Kb2 Ne2 28. Bd1 Rf2 29. Bxe2 Rxe2+ 30. Kb3 Rf2 31. Ka4 Rxf4 32. Kb5 Rc4 33. a3
Rc6 34. h4 Ke7 35. Rg1 g6 36. Rf1 d4 37. Rf4 d3 38. Rd4 f6 39. Rxd3 fxe5 40.
Rg3 Kf6 41. Rf3+ Kg7 42. Rg3 e4 43. h5 e5 44. Rg5 Re6 45. hxg6 e3 46. Rg3 e2
47. Re3 Kxg6 48. Rxe2 e4 49. Kc4 Kf5 50. Rf2+ Kg4 51. Rf1 e3 52. Kd3 e2 0-1

[Event "Bundesliga 0001"]
[Site "Deutschland"]
[Date "2001.04.29"]
[Round "15.8"]
[White "Schaefer, Markus"]
[Black "Muranyi, Karl Jasmin"]
[Result "1/2-1/2"]
[WhiteElo "2393"]
[BlackElo "2297"]
[PlyCount "52"]
[EventDate "2000.10.14"]
[EventType "team"]
[EventRounds "15"]
[EventCountry "GER"]
[SourceTitle "Bundesliga 0001"]
[Source "DeepChess"]
[SourceDate "2005.01.01"]
[SourceVersion "1"]
[SourceVersionDate "2005.01.01"]
[SourceQuality "1"]
[WhiteTeam "SG 1868 Aljech. Solingen"]
[BlackTeam "TSV Schott Mainz"]
[WhiteTeamCountry "GER"]
[BlackTeamCountry "GER"]

1. e4 c6 2. d4 d5 3. Nc3 g6 4. Nf3 Bg4 5. Be2 Nf6 6. e5 Nfd7 7. Ng5 Bxe2 8. e6
f6 9. exd7+ Qxd7 10. Qxe2 fxg5 11. Bxg5 Qf5 12. h4 Nd7 13. Rh3 O-O-O 14. Rf3
Qg4 15. O-O-O Nf6 16. Kb1 h6 17. Bxf6 exf6 18. Rxf6 Qxg2 19. Qe6+ Kb8 20. Rxg6
Qh2 21. a3 Bd6 22. Rxh6 Rxh6 23. Qxh6 Qxf2 24. h5 Qf3 25. Rd3 Qf5 26. Nd1 Bf4
1/2-1/2

[Event "Bundesliga 0001"]
[Site "Deutschland"]
[Date "2001.04.29"]
[Round "15.1"]
[White "Khenkin, Igor"]
[Black "Lutz, Christopher"]
[Result "0-1"]
[WhiteElo "2633"]
[BlackElo "2595"]
[PlyCount "54"]
[EventDate "2000.10.14"]
[EventType "team"]
[EventRounds "15"]
[EventCountry "GER"]
[SourceTitle "Bundesliga 0001"]
[Source "DeepChess"]
[SourceDate "2005.01.01"]
[SourceVersion "1"]
[SourceVersionDate "2005.01.01"]
[SourceQuality "1"]
[WhiteTeam "TV Tegernsee"]
[BlackTeam "SG Porz e.V."]
[WhiteTeamCountry "GER"]
[BlackTeamCountry "GER"]

1. d4 Nf6 2. c4 e6 3. Nf3 d5 4. Nc3 Be7 5. Qc2 O-O 6. Bg5 h6 7. Bxf6 Bxf6 8.
O-O-O c5 9. dxc5 d4 10. Ne4 e5 11. e3 Nc6 12. exd4 exd4 13. a3 b6 14. cxb6 axb6
15. Kb1 Be7 16. Qd3 Qc7 17. Be2 Rd8 18. Rhg1 Bg4 19. Ng3 Be6 20. Rc1 Ra5 21.
Bd1 Qa7 22. Bc2 Bxa3 23. Qh7+ Kf8 24. Nf5 Bxf5 25. Bxf5 Bxb2 26. Rce1 Ra1+ 27.
Kc2 Nb4+ 0-1

[Event "Bundesliga 0001"]
[Site "Deutschland"]
[Date "2001.04.29"]
[Round "15.3"]
[White "Hertneck, Gerald"]
[Black "Timman, Jan H"]
[Result "1/2-1/2"]
[WhiteElo "2541"]
[BlackElo "2639"]
[PlyCount "67"]
[EventDate "2000.10.14"]
[EventType "team"]
[EventRounds "15"]
[EventCountry "GER"]
[SourceTitle "Bundesliga 0001"]
[Source "DeepChess"]
[SourceDate "2005.01.01"]
[SourceVersion "1"]
[SourceVersionDate "2005.01.01"]
[SourceQuality "1"]
[WhiteTeam "TV Tegernsee"]
[BlackTeam "SG Porz e.V."]
[WhiteTeamCountry "GER"]
[BlackTeamCountry "GER"]

1. c4 e5 2. g3 Nf6 3. Bg2 d5 4. cxd5 Nxd5 5. Nf3 Nc6 6. O-O Nb6 7. b3 Bd6 8.
Nc3 O-O 9. Bb2 Bg4 10. d4 Bxf3 11. Bxf3 exd4 12. Nb5 Be5 13. Rc1 Re8 14. Rxc6
bxc6 15. Bxc6 Rb8 16. Bxe8 Qxe8 17. Qd3 c6 18. Nxa7 Rb7 19. Bxd4 Bc7 20. Bxg7
Rxa7 21. Bd4 Ra5 22. Qf3 Qe6 23. Rc1 Nd5 24. a4 Ra6 25. Rc4 Ne7 26. Bb2 Ra5 27.
Re4 Be5 28. Qe3 f6 29. f4 Nf5 30. Qf3 Nd6 31. Re3 Nf5 32. Re4 Nd6 33. Re3 Nf5
34. Re4 1/2-1/2

[Event "Bundesliga 0001"]
[Site "Deutschland"]
[Date "2001.04.29"]
[Round "15.5"]
[White "Teske, Henrik"]
[Black "Hansen, Curt"]
[Result "0-1"]
[WhiteElo "2463"]
[BlackElo "2613"]
[PlyCount "68"]
[EventDate "2000.10.14"]
[EventType "team"]
[EventRounds "15"]
[EventCountry "GER"]
[SourceTitle "Bundesliga 0001"]
[Source "DeepChess"]
[SourceDate "2005.01.01"]
[SourceVersion "1"]
[SourceVersionDate "2005.01.01"]
[SourceQuality "1"]
[WhiteTeam "TV Tegernsee"]
[BlackTeam "SG Porz e.V."]
[WhiteTeamCountry "GER"]
[BlackTeamCountry "GER"]

1. Nf3 c5 2. c4 g6 3. b3 Bg7 4. Nc3 Nc6 5. Bb2 d6 6. g3 e5 7. d3 f5 8. Bg2 Nf6
9. a3 a5 10. e3 O-O 11. O-O Kh8 12. Rb1 Rb8 13. Qd2 Bd7 14. Rfd1 h6 15. b4 axb4
16. axb4 Nxb4 17. d4 e4 18. Nh4 Qe8 19. Bf1 g5 20. Ng2 Qh5 21. Be2 Qh3 22. Ba3
Nd3 23. f3 Ra8 24. Bxd3 exf3 25. Bf1 Ng4 26. Nf4 f2+ 27. Qxf2 Nxf2 28. Ng6+ Kg8
29. Bxh3 Nxh3+ 30. Kf1 Rf7 31. Rb3 cxd4 32. Nb5 Kh7 33. Kg2 Kxg6 34. Kxh3 f4+
0-1

[Event "Bundesliga 0001"]
[Site "Deutschland"]
[Date "2001.04.29"]
[Round "15.6"]
[White "Graf, Alexander"]
[Black "Gross, David2"]
[Result "0-1"]
[WhiteElo "2642"]
[BlackElo "2484"]
[PlyCount "80"]
[EventDate "2000.10.14"]
[EventType "team"]
[EventRounds "15"]
[EventCountry "GER"]
[SourceTitle "Bundesliga 0001"]
[Source "DeepChess"]
[SourceDate "2005.01.01"]
[SourceVersion "1"]
[SourceVersionDate "2005.01.01"]
[SourceQuality "1"]
[WhiteTeam "SG Porz e.V."]
[BlackTeam "TV Tegernsee"]
[WhiteTeamCountry "GER"]
[BlackTeamCountry "GER"]

1. d4 Nf6 2. c4 e6 3. Nc3 Bb4 4. e3 O-O 5. Nge2 d5 6. a3 Be7 7. Ng3 c5 8. dxc5
dxc4 9. Bd2 Nbd7 10. Bxc4 Nxc5 11. Qe2 a6 12. O-O b5 13. Ba2 Qd3 14. Rfd1 Qxe2
15. Ncxe2 Bb7 16. Bb4 Bd5 17. Nd4 Rfc8 18. b3 Bf8 19. f3 g6 20. e4 Bb7 21. Be1
e5 22. Nde2 a5 23. Bc3 Ncd7 24. b4 axb4 25. axb4 Ra6 26. Bb3 Rxa1 27. Rxa1 Bd6
28. Nh1 Kf8 29. Nf2 Ra8 30. Rb1 Ke7 31. Nd3 Ne8 32. Be1 Nc7 33. Nc3 Ra3 34. Kf1
Bc6 35. Ke2 Na6 36. Nd5+ Bxd5 37. Bxd5 Nc7 38. Bb3 Nb6 39. Bc3 f6 40. Kd2 Ra8
0-1